Szczegóły MARC21

Dtv-Atlas zur Weltgeschichte : Karten und chronologischer Abriß. Bd. 2, Von den Französischen Revolution bis zur Gegenwart /

003 -Nazwa inst., której nr kontr. jest w polu 001 [,]
    • @
    • Nazwa instytucji, której n kontrolny jest w polu 001
    • NUKAT
005 -DATA I CZAS OSTATNIEJ MODYFIKACJI [,]
    • @
    • pole kontrolne
    • 20241231095847.0
020 -Międzynarod. znormalizowany nr książki - ISBN [ , ]
    • a
    • Numer ISBN
    • 342303002X Find
040 -Instytucja sporządzająca opis [ , ]
    • a
    • Instytucja, która sporządziła opis (NP)
    • SZCZ U/AB
    • b
    • Język katalogowania
    • pol
    • e
    • Zasady katalogowania
    • rda
    • c
    • Instytucja, która sporządziła rekord (NP)
    • SZCZ U/ABs
942 -Rodzaj dokumentu [ , ]
    • c
    • Rodzaj dokumentu
    • Książka
100 -Hasło główne - nazwa osobowa [1, ]
    • a
    • Nazwa osobowa (NP)
    • Kinder, Hermann
    • d
    • Daty biograficzne (NP)
    • (1920-1968).
    • e
    • Rodzaj współpracy
    • Autor
    • 9
    • KHW
    • 488503
240 -Tytuł ujednolicony [1,0]
    • a
    • Tytuł ujednolicony
    • Dtv-Atlas zur Weltgeschichte
    • l
    • Język tekstu
    • (niem.)
    • 9
    • KHW
    • 501100
245 -Strefa tytułu i oznaczenia odpowiedzialności [1,0]
    • a
    • Tytuł
    • Dtv-Atlas zur Weltgeschichte : Find
    • b
    • Ciąg dalszy tytułu (NP)
    • Karten und chronologischer Abriß. Find
    • n
    • Oznaczenie części (P)
    • Bd. 2,
    • p
    • Nazwa części (P)
    • Von den Französischen Revolution bis zur Gegenwart /
    • c
    • Pozostałe elementy strefy tytułu i oznaczenia odpowiedzialności (NP)
    • Hermann Kinder, Werner Hilgemann ; Graphische Gestaltung der Karten Harald und Ruth Bukor.
246 -Wariant tytułu [3,0]
    • a
    • Tytuł (NP)
    • Von den Französischen Revolution bis zur Gegenwart
250 -Strefa wydania [ , ]
    • a
    • Oznaczenie wydania (NP)
    • 10. Auflage, 721. bis 840. Tausend.
260 -Strefa adresu wydawniczego [ , ]
    • a
    • Miejsce wydania (P)
    • München :
    • b
    • Nazwa wydawcy (P)
    • Deutscher Taschenbuch Verlag,
    • c
    • Data wydania (P)
    • 1975.
300 -Strefa opisu fizycznego [ , ]
    • a
    • Określenie formy książki i/lub objętość (NP)
    • 326] stron :
    • b
    • Oznaczenie ilustracji (NP)
    • ilustracje ;
    • c
    • Format (NP)
    • 18 cm.
336 -Typ zawartości [ , ]
    • a
    • Termin opisujący typ zawartości
    • Tekst
    • b
    • Kod określający zawartość
    • txt
    • 2
    • Źródło (terminu i kodu)
    • rdacontent
337 -Typ mediów [ , ]
    • a
    • Tryb odtwarzania
    • Bez urządzenia pośredniczącego
    • b
    • Kod typu mediów
    • n
    • 2
    • Źródło (terminu i kodu)
    • rdamedia
338 -Typ/rodzaj nośnika [ , ]
    • a
    • Hasło opisujące typ nośnika
    • Wolumin
    • b
    • Kod typu nośnika
    • nc
    • 2
    • Źródło (terminu i kodu)
    • rdacarrier
490 -Strefa serii i książki wielotomowej - forma nie do wyszukiwania [1, ]
    • a
    • Tytuł (P)
    • Dtv-Atlas ; Find
    • v
    • Numeracja (P)
    • 3002
830 -Hasło dodatkowe serii i opisu książki wielotomowej - tytuł ujednolicony/tytuł [ ,0]
    • a
    • Tytuł ujednolicony/tytuł (NP)
    • Dtv
    • x
    • ISSN
    • 0416-5675
    • v
    • Oznaczenie tomu (NP)
    • 3002
    • 9
    • KHW
    • 60375
500 -Uwaga ogólna [ , ]
    • a
    • Uwaga ogólna (NP)
    • Mit 108 Kartenseiten.
500 -Uwaga ogólna [ , ]
    • a
    • Uwaga ogólna (NP)
    • Druk dwuszpaltowy.
504 -Uwaga dot. bibliogr. załącznikowej [ , ]
    • a
    • Uwaga dot. bibliografii załącznikowej
    • Indeks.
080 -Uniwersalna Klasyfikacja Dziesiętna [ , ]
    • a
    • Symbol klasyfikacji
    • 912(100)=30
650 -Hasło przedmiotowe [ ,7]
    • a
    • Hasło przedmiotowe
    • Historia powszechna
    • v
    • Określnik formalny
    • wydawnictwa ilustrowane.
    • 2
    • Źródło terminu
    • kaba
    • 9
    • KHW
    • 375968
650 -Hasło przedmiotowe [ ,7]
    • a
    • Hasło przedmiotowe
    • Chronologia historyczna
    • v
    • Określnik formalny
    • wydawnictwa ilustrowane.
    • 2
    • Źródło terminu
    • kaba
    • 9
    • KHW
    • 488405
655 -Hasło w funkcji tematu formalnego [ ,7]
    • a
    • Hasło
    • Atlasy historyczne
    • y
    • Określnik chronologiczny
    • 1945-1990.
    • 2
    • Źródło terminu
    • kaba
    • 9
    • KHW
    • 358788
980 -Symbol UKD [ , ]
    • a
    • UKD
    • 912(100)=30
700 -Hasło dodatkowe - nazwa osobowa [1, ]
    • a
    • Nazwa osobowa (NP)
    • Hilgemann, Werner Find
    • d
    • Daty biograficzne (NP)
    • (1921-2004).
    • e
    • Określenie rodzaju współpracy
    • Autor
    • 9
    • KHW
    • 488502
700 -Hasło dodatkowe - nazwa osobowa [1, ]
    • a
    • Nazwa osobowa (NP)
    • Bukor, Harald. Find
    • e
    • Określenie rodzaju współpracy
    • Ilustracje
    • 9
    • KHW
    • 488500
700 -Hasło dodatkowe - nazwa osobowa [1, ]
    • a
    • Nazwa osobowa (NP)
    • Bukor, Ruth. Find
    • e
    • Określenie rodzaju współpracy
    • Ilustracje
    • 9
    • KHW
    • 488501
710 -Hasło dodatkowe - nazwa ciała zbiorowego [2, ]
    • a
    • Nazwa ciała zbiorowego lub nazwa geograficzna jako pierwszy element (NP)
    • Deutscher Taschenbuch-Verlag.
    • e
    • Rodzaj współpracy
    • Wydawca
    • 4
    • Kod relacji
    • pbl
    • 9
    • KHW
    • 78194
920 -ISBN [ , ]
    • a
    • ISBN
    • 3-423-03002-X Find
Lokalizacja Data inwentaryzacji Numer inwentarzowy Status udost. Sygnatura
BM2000-05-12G.14942-3Germ. Historia 05